000 00325nam a22001457a 4500
008 221205b ||||| |||| 00| 0 eng d
020 _a9780673980397
041 _aeng
080 _2third edition
_a51
082 _a51DOS
100 _a20.1
101 _aMATE
245 _aDISCRETE MATHEMATICS
_cDOSSEY
942 _2udc
_cBK
999 _c59090
_d59090